Evropanská tyranie česká státní idea, Evropská unie a demokratická civilizace
Guardado en:
| Autor principal: | |
|---|---|
| Formato: | Libro |
| Lenguaje: | checo |
| Publicado: |
Praha
Centrum pro ekonomiku a politiku
2003
|
| Materias: | |
| Etiquetas: |
Sin Etiquetas, Sea el primero en etiquetar este registro!
|
MARC
| LEADER | 00000nam$a2200000$$$4500 | ||
|---|---|---|---|
| 001 | 0023081 | ||
| 005 | 20221207102615.2 | ||
| 020 | |a 80-86547-24-8 | ||
| 041 | 0 | |a cze | |
| 044 | |a CZ | ||
| 245 | 1 | 0 | |a Evropanská tyranie |b česká státní idea, Evropská unie a demokratická civilizace |c Miloslav Bednář |
| 264 | 1 | |a Praha |b Centrum pro ekonomiku a politiku |c 2003 | |
| 300 | |a 229 s. | ||
| 610 | 2 | 0 | |a Európa |
| 610 | 2 | 0 | |a Česko |
| 610 | 2 | 0 | |a história |
| 610 | 2 | 0 | |a politika |
| 610 | 2 | 0 | |a teórie politické |
| 610 | 2 | 0 | |a filozofia |
| 610 | 2 | 0 | |a integrácia ekonomická medzinárodná |
| 610 | 2 | 0 | |a politika medzinárodná |
| 610 | 2 | 0 | |a demokracia |
| 100 | 1 | |a Bednář, Miloslav | |